| 000 | 00585nam a22001937a 4500 | ||
|---|---|---|---|
| 003 | OSt | ||
| 005 | 20260421060346.0 | ||
| 008 | 260421b |||||||| |||| 00| 0 eng d | ||
| 020 | _a0-07-289905-0 | ||
| 040 |
_aDWC-Main lib. _cOC |
||
| 082 |
_24th ed. _aCirc. 511 R724d 2001 |
||
| 100 | _aRosen, Kenneth H. | ||
| 245 |
_aDiscrete mathematics and its applications/ _cKenneth H. Rosen |
||
| 260 |
_bMcGraw-hill International, _cc2001. |
||
| 300 |
_axxii, 678 p. ; _bA1-S88 ; _c22 cm. |
||
| 504 | _aIncludes index. | ||
| 760 | _b4th ed. | ||
| 942 |
_2ddc _cBK-CIRC _e4th ed. _hCirc. _n0 |
||
| 999 |
_c9558 _d9558 |
||